000 00517nam a2200181Ia 4500
008 160319s9999 xx 000 0 und d
245 _aAnimal SOS /
245 _cDiscovery Communications.
260 _aTemecula, CA :
260 _bDiscovery Communications LCC.
260 _c2004
300 _a1 videodisc (48 min.) :
300 _bsound color :
300 _c4 3/4 in.
650 _aEndangered species.
650 _aWildlife conservation.
700 _aDiscovery Channel Video (Firm), Corporate Author.
999 _c292645
_d292645